[Event "26th EUR-ch"]
[Site "Katowice POL"]
[Date "2026.04.19"]
[Round "11.139"]
[White "Azoulay, Yehonatan"]
[Black "Tezcan, Alper"]
[Result "1-0"]
[WhiteElo "2299"]
[BlackElo "2121"]
[EventDate "2026.04.07"]
[PlyCount "95"]

1.e4 e5 2.Nf3 Nf6 3.Nxe5 Nxe4 4.Qe2 Qe7 5.Qxe4 d6 6.d4 dxe5 7.dxe5 Nc6 8.
Nc3 Qxe5 9.Qxe5+ Nxe5 10.Nb5 Bb4+ 11.Bd2 Bxd2+ 12.Kxd2 Kd8 13.Re1 Nd7 14.
g3 a6 15.Nd4 Nf6 16.Bg2 Re8 17.Rxe8+ Kxe8 18.Re1+ Kf8 19.c4 Bd7 20.Kc3 Rb8
21.c5 b6 22.c6 Be8 23.a4 Ng8 24.b4 Ne7 25.Kc4 Nc8 26.b5 a5 27.g4 Ne7 28.f4
Rd8 29.f5 Rd6 30.g5 Ng8 31.h4 Ne7 32.h5 Ng8 33.Bd5 Rd8 34.Bf3 Rd6 35.Kc3 
Rd8 36.Re5 h6 37.g6 Nf6 38.Nc2 Rd6 39.Ne3 Rd8 40.Ng2 Rd6 41.Nf4 Rd8 42.Be2
Rb8 43.Bc4 Rd8 44.Re2 Rd1 45.Rxe8+ Nxe8 46.gxf7 Rc1+ 47.Kb3 Rxc4 48.
fxe8=Q+ 1-0

[Event "26th EUR-ch"]
[Site "Katowice POL"]
[Date "2026.04.19"]
[Round "11.140"]
[White "Nguyen, Khoi"]
[Black "Heimisson, Hilmir Freyr"]
[Result "0-1"]
[WhiteElo "2037"]
[BlackElo "2297"]
[EventDate "2026.04.07"]
[PlyCount "70"]

1.d4 d5 2.c4 c6 3.Nf3 Nf6 4.g3 g6 5.Bg2 Bg7 6.O-O dxc4 7.Ne5 Ng4 8.Nf3 O-O
9.Na3 Be6 10.Ng5 Bc8 11.h3 Nh6 12.Nf3 Nf5 13.e3 Nd6 14.Ne5 b5 15.Bd2 a5 
16.Rc1 Ra6 17.Qe2 Be6 18.Rfd1 Qc8 19.Kh2 f6 20.Nf3 Bd5 21.Nb1 e5 22.dxe5 
fxe5 23.Be1 e4 24.Nd4 Nd7 25.Nc3 Nc5 26.Nxc6 Bxc6 27.Rxd6 Nd3 28.Rc2 Re8 
29.a4 b4 30.Nb1 Bxa4 31.Rxa6 Bxc2 32.Rxa5 Bxb1 33.Ra1 c3 34.bxc3 bxc3 35.
Rxb1 c2 0-1

[Event "26th EUR-ch"]
[Site "Katowice POL"]
[Date "2026.04.19"]
[Round "11.141"]
[White "Bendayan Claros, Aaron"]
[Black "Alpaslan, Utku"]
[Result "1/2-1/2"]
[WhiteElo "2296"]
[BlackElo "2105"]
[EventDate "2026.04.07"]
[PlyCount "84"]

1.d4 Nf6 2.c4 e6 3.Nf3 d5 4.Nc3 Bb4 5.Qa4+ Nc6 6.e3 O-O 7.Qc2 a6 8.Bd2 
dxc4 9.Bxc4 Bd6 10.h3 e5 11.O-O exd4 12.exd4 b5 13.Be2 Nb4 14.Qb1 Nbd5 15.
Nxd5 Nxd5 16.Ng5 Nf6 17.Bf3 Rb8 18.Qc2 h6 19.Ne4 Bf5 20.Rfe1 Nxe4 21.Bxe4 
Bxe4 22.Rxe4 Qd7 23.Bf4 f5 24.Bxd6 Qxd6 25.Re5 Qxd4 26.Rc5 Rbd8 27.Rxc7 f4
28.Rc1 f3 29.g3 Rfe8 30.Qb3+ Kh8 31.Qxf3 Qxb2 32.R1c6 Rf8 33.Rf7 Rxf7 34.
Qxf7 a5 35.Re6 a4 36.g4 a3 37.h4 Qb4 38.Rxh6+ gxh6 39.Qf6+ Kh7 40.Qf7+ Kh8
41.Qf6+ Kh7 42.Qf7+ Kh8 1/2-1/2

[Event "26th EUR-ch"]
[Site "Katowice POL"]
[Date "2026.04.19"]
[Round "11.142"]
[White "Sliwicka, Alicja"]
[Black "Amiridou, Dimitra"]
[Result "1/2-1/2"]
[WhiteElo "2293"]
[BlackElo "1965"]
[EventDate "2026.04.07"]
[PlyCount "101"]

1.e4 e5 2.Nf3 Nc6 3.Bc4 d6 4.c3 f5 5.d3 Qf6 6.Nbd2 f4 7.b4 a6 8.Bb2 g5 9.
Qb3 Nge7 10.h3 Nd8 11.a4 c6 12.d4 h5 13.Be2 Nf7 14.Nc4 Be6 15.Qc2 Ng6 16.
Nb6 Rd8 17.d5 cxd5 18.Nxd5 Bxd5 19.exd5 g4 20.hxg4 hxg4 21.Rxh8 Nfxh8 22.
Nh2 g3 23.fxg3 fxg3 24.Ng4 Qf4 25.Bc1 Qf7 26.Qe4 Nf4 27.Nxe5 Nxg2+ 28.Qxg2
dxe5 29.Qxg3 Qxd5 30.Be3 Nf7 31.Qh3 Qb3 32.Rc1 Rd7 33.Kf2 Qa2 34.Kf1 Qb3 
35.a5 Nd8 36.Bh5+ Nf7 37.Bg4 Qc4+ 38.Be2 Qc6 39.Qf3 e4 40.Qg3 Rd6 41.Ke1 
Bh6 42.Qg8+ Ke7 43.Bh5 Bxe3 44.Qxf7+ Kd8 45.Bg4 Rd3 46.Qf8+ Kc7 47.Qc8+ 
Kd6 48.Qe6+ Kc7 49.Qc8+ Kd6 50.Qe6+ Kc7 51.Qc8+ 1/2-1/2

[Event "26th EUR-ch"]
[Site "Katowice POL"]
[Date "2026.04.19"]
[Round "11.143"]
[White "Ciborowski, Konrad jr"]
[Black "Niezhentsev, Kyrylo"]
[Result "0-1"]
[WhiteElo "1948"]
[BlackElo "2293"]
[EventDate "2026.04.07"]
[PlyCount "100"]

1.c4 e5 2.g3 Nf6 3.Bg2 d5 4.cxd5 Nxd5 5.Nc3 Nb6 6.Nf3 Nc6 7.O-O Be7 8.d3 
O-O 9.a3 Be6 10.Be3 a5 11.Ne4 Re8 12.Rc1 Bd5 13.Nc3 Be6 14.Nb5 Nd5 15.Bc5 
a4 16.Bxe7 Qxe7 17.Nd2 Ra5 18.Nc3 Nxc3 19.Rxc3 Nd4 20.Nc4 Bxc4 21.dxc4 c6 
22.Rd3 Qe6 23.f4 Nb3 24.e3 Qxc4 25.Rd8 Ra8 26.Rxe8+ Rxe8 27.Qd7 Qe6 28.
Qxb7 exf4 29.exf4 Qe3+ 30.Kh1 Nd2 31.Rg1 Ne4 32.Bxe4 Qxe4+ 33.Rg2 Qe1+ 34.
Rg1 Qe4+ 35.Rg2 Rd8 36.h3 h5 37.Qb4 Rd1+ 38.Kh2 Qb1 39.Rf2 Rh1+ 40.Kg2 
Rg1+ 41.Kh2 Rh1+ 42.Kg2 Qg1+ 43.Kf3 Rxh3 44.Qb8+ Kh7 45.f5 h4 46.Kg4 Qxf2 
47.Kxh3 hxg3 48.Qxg3 Qxf5+ 49.Kh4 Qf6+ 50.Kh3 Qh6+ 0-1

[Event "26th EUR-ch"]
[Site "Katowice POL"]
[Date "2026.04.19"]
[Round "11.144"]
[White "Karsay, Pascal"]
[Black "Frankiv, Oleksandr"]
[Result "1-0"]
[WhiteElo "2412"]
[BlackElo "1893"]
[EventDate "2026.04.07"]
[PlyCount "37"]

1.e4 g6 2.d4 Bg7 3.Nf3 d5 4.e5 f6 5.c4 dxc4 6.Bxc4 fxe5 7.Qb3 Nh6 8.dxe5 
Nc6 9.O-O Na5 10.Qa4+ c6 11.Rd1 Qc7 12.Nc3 e6 13.Bd3 O-O 14.b4 Rxf3 15.
gxf3 Qxe5 16.Qxa5 Qxc3 17.Qd8+ Kf7 18.Bg5 Nf5 19.Qc7+ 1-0

[Event "26th EUR-ch"]
[Site "Katowice POL"]
[Date "2026.04.19"]
[Round "11.145"]
[White "Petrovic, Aleksa"]
[Black "Saraci, Nderim"]
[Result "1-0"]
[WhiteElo "2178"]
[BlackElo "2483"]
[EventDate "2026.04.07"]
[PlyCount "115"]

1.Nf3 Nf6 2.g3 d5 3.c4 e6 4.Bg2 Be7 5.d4 dxc4 6.Qa4+ Bd7 7.Qxc4 Bc6 8.Qc2 
Be4 9.Qa4+ Qd7 10.Qxd7+ Nbxd7 11.O-O O-O-O 12.Nc3 Bc6 13.Ng5 Bxg2 14.Kxg2 
Rhf8 15.Bf4 h6 16.Nf3 g5 17.Be3 Nb6 18.Rad1 Nfd5 19.Nxd5 Nxd5 20.Bd2 f5 
21.Rc1 Bf6 22.h3 Rfe8 23.Rfe1 Ne7 24.Bc3 Nc6 25.e4 g4 26.hxg4 fxg4 27.Ne5 
Nxe5 28.dxe5 Bg5 29.Rcd1 Rxd1 30.Rxd1 Rd8 31.Rf1 Rd3 32.f4 gxf3+ 33.Rxf3 
Rxf3 34.Kxf3 c5 35.b3 b5 36.g4 Kb7 37.Ke2 Kc6 38.Kd3 b4 39.Be1 Kb5 40.Bg3 
a5 41.Bf2 Bf4 42.Bg1 Bxe5 43.Be3 Bg7 44.Bc1 Bf8 45.Be3 c4+ 46.bxc4+ Ka4 
47.Bc1 b3 48.axb3+ Kxb3 49.c5 Bxc5 50.Bxh6 a4 51.g5 a3 52.Bg7 a2 53.g6 Ba3
54.Ba1 Bb2 55.g7 Bxa1 56.g8=Q Bc3 57.Qxe6+ Kb2 58.Qxa2+ 1-0

[Event "26th EUR-ch"]
[Site "Katowice POL"]
[Date "2026.04.19"]
[Round "11.146"]
[White "Rybackova, Lucie"]
[Black "Arat, Ufuk Sezen"]
[Result "0-1"]
[WhiteElo "2157"]
[BlackElo "2372"]
[EventDate "2026.04.07"]
[PlyCount "136"]

1.e4 d6 2.d4 Nf6 3.Nc3 g6 4.Be3 c6 5.h3 Nbd7 6.Nge2 b5 7.a3 Bb7 8.g3 Bg7 
9.Bg2 O-O 10.O-O e5 11.Qd2 Qe7 12.Rad1 Rfd8 13.d5 Nb6 14.Bxb6 axb6 15.dxc6
Bxc6 16.Nd5 Nxd5 17.exd5 Bd7 18.Qe3 Rdc8 19.c3 Qd8 20.Nc1 f5 21.Nd3 Qc7 
22.Nb4 Rf8 23.Qe2 Qc5 24.Kh2 Rae8 25.Qc2 e4 26.f4 h6 27.Qf2 g5 28.Na6 Qxf2
29.Rxf2 gxf4 30.gxf4 Bf6 31.Bf1 Kh7 32.Nc7 Re7 33.Bxb5 Bxb5 34.Nxb5 Bh4 
35.Re2 Rg7 36.Rg1 Rxg1 37.Kxg1 Bg3 38.Nxd6 Bxf4 39.Nxe4 fxe4 40.Rxe4 Bc1 
41.Re2 Kg6 42.Kg2 Kf5 43.c4 Rc8 44.Rc2 Bf4 45.Kf3 Rg8 46.Rg2 Rc8 47.Rc2 h5
48.b4 Rg8 49.Rg2 Ra8 50.Ra2 h4 51.a4 Bd6 52.a5 Bxb4 53.a6 Bc5 54.a7 Ke5 
55.Kg4 Kd4 56.Ra4 Kc3 57.Kxh4 Kb3 58.Ra6 Kxc4 59.d6 Kb5 60.Ra2 Kc6 61.Kg5 
Kxd6 62.h4 b5 63.h5 Rxa7 64.Rd2+ Ke6 65.Re2+ Kf7 66.h6 Be7+ 67.Kh5 b4 68.
Rg2 Ra5+ 0-1

[Event "26th EUR-ch"]
[Site "Katowice POL"]
[Date "2026.04.19"]
[Round "11.147"]
[White "Luczak, Filip"]
[Black "Bachor, Tomasz"]
[Result "1-0"]
[WhiteElo "2362"]
[BlackElo "2178"]
[EventDate "2026.04.07"]
[PlyCount "95"]

1.d4 Nf6 2.c4 g6 3.Nf3 Bg7 4.g3 d6 5.Bg2 O-O 6.O-O Nbd7 7.Nc3 e5 8.e4 exd4
9.Nxd4 Nc5 10.Re1 Ng4 11.f4 c6 12.h3 Qb6 13.hxg4 Ne6 14.f5 Nxd4 15.Be3 c5 
16.Nd5 Qd8 17.Rf1 Be5 18.Qd2 Bd7 19.f6 Re8 20.Kh2 Kh8 21.Bxd4 Bxd4 22.Qh6 
Rg8 23.g5 Qf8 24.Qh4 h6 25.Bf3 Kh7 26.Kg2 Rh8 27.Rh1 Re8 28.Qxh6+ Qxh6 29.
Rxh6+ Kg8 30.Rxh8+ Kxh8 31.Ne7 Rxe7 32.fxe7 b6 33.Rf1 Kg7 34.Bg4 Be8 35.b3
a5 36.Bc8 f6 37.Ba6 Kf7 38.Bb5 Bxb5 39.cxb5 Kxe7 40.gxf6+ Bxf6 41.Rh1 Kf7 
42.Kf3 Be5 43.Rh7+ Bg7 44.Ke2 Kg8 45.Rh3 Be5 46.Kd3 Kg7 47.Kc4 g5 48.g4 
1-0

[Event "26th EUR-ch"]
[Site "Katowice POL"]
[Date "2026.04.19"]
[Round "11.148"]
[White "Yeritsian, Hayk"]
[Black "Tirpan, Ceren"]
[Result "1/2-1/2"]
[WhiteElo "2342"]
[BlackElo "2167"]
[EventDate "2026.04.07"]
[PlyCount "140"]

1.Nf3 Nf6 2.c4 g6 3.Nc3 Bg7 4.e4 d6 5.d4 Bg4 6.Be2 Nfd7 7.Be3 Bxf3 8.Bxf3 
Nc6 9.Ne2 e5 10.d5 Nd4 11.Nxd4 exd4 12.Bxd4 Ne5 13.Qa4+ Kf8 14.O-O-O Nxf3 
15.Bxg7+ Kxg7 16.gxf3 Qf6 17.Qb3 a5 18.Qe3 a4 19.a3 b5 20.f4 Rhe8 21.cxb5 
Ra5 22.Qd4 Rxb5 23.Rhe1 c5 24.dxc6 Rc5+ 25.Kb1 Rxc6 26.Qxf6+ Kxf6 27.Rd4 
Ra8 28.h4 Ra5 29.Rh1 Rb6 30.Rhd1 Ke7 31.Rd5 Ra7 32.f5 Rab7 33.R1d2 Rb3 34.
Rxd6 gxf5 35.exf5 f6 36.R6d3 R3b5 37.Rd4 Ra7 38.Rd5 Rb3 39.R2d3 Rb8 40.
Re3+ Kf7 41.Rc3 Rab7 42.Rc2 Ra7 43.Rdc5 Rbb7 44.R2c4 Re7 45.Ka2 Kg7 46.Rc6
Ra5 47.R4c5 Rxc5 48.Rxc5 Re4 49.h5 Kh6 50.Rc7 Rf4 51.Ra7 Rd4 52.Kb1 Rc4 
53.f3 Rh4 54.Kc2 Rf4 55.Kd2 Rh4 56.Kd3 Rf4 57.Ke2 Rc4 58.Ke3 Rc2 59.Rb7 
Kg5 60.Rg7+ Kxf5 61.Rxh7 Rxb2 62.Ra7 Rb3+ 63.Kf2 Rxa3 64.Kg3 Ra1 65.Ra5+ 
Ke6 66.Kg4 Rg1+ 67.Kf4 Rg5 68.Ra6+ Kf7 69.Ra7+ Kg8 70.Rxa4 Rxh5 1/2-1/2

[Event "26th EUR-ch"]
[Site "Katowice POL"]
[Date "2026.04.19"]
[Round "11.149"]
[White "Prazak, Daniel"]
[Black "Basdar, Atakan"]
[Result "0-1"]
[WhiteElo "2339"]
[BlackElo "2125"]
[EventDate "2026.04.07"]
[PlyCount "90"]

1.e4 e5 2.Nf3 Nf6 3.d4 Nxe4 4.dxe5 d5 5.Nbd2 Qd7 6.Bd3 Nc5 7.Be2 Ne6 8.O-O
Be7 9.Re1 O-O 10.Nf1 c5 11.Ng3 Nc6 12.c3 Rd8 13.Bd3 Rb8 14.Nf5 b5 15.Bc2 
d4 16.Qd3 g6 17.Nh6+ Kg7 18.Ng4 Nf4 19.Bxf4 Qxg4 20.Re4 Bf5 21.Rae1 Qxf4 
22.Rxf4 Bxd3 23.Bxd3 dxc3 24.Be4 Nb4 25.bxc3 Nxa2 26.c4 bxc4 27.Bc2 c3 28.
Rc4 Rb2 29.Bb1 Rdb8 30.Bxa2 Rxa2 31.Rxc3 Rbb2 32.Rf1 a5 33.h3 a4 34.Ne1 
Rb3 35.Rc4 Rb4 36.Rc3 Rb3 37.Rc4 Rb4 38.Rc3 Re4 39.Nc2 Rxe5 40.Ne3 Re4 41.
Rd1 Rd4 42.Rb1 Rdd2 43.Rb7 Bf6 44.Rxc5 Bd4 45.Rcc7 Rxf2 0-1

[Event "26th EUR-ch"]
[Site "Katowice POL"]
[Date "2026.04.19"]
[Round "11.150"]
[White "Marzano, Carlo"]
[Black "Hercegovac, Neven"]
[Result "0-1"]
[WhiteElo "2108"]
[BlackElo "2325"]
[EventDate "2026.04.07"]
[PlyCount "238"]

1.Nf3 c5 2.b3 d5 3.e3 f6 4.d4 cxd4 5.exd4 Nc6 6.Bb2 Bg4 7.h3 Bh5 8.Be2 e6 
9.O-O Bd6 10.c4 Nge7 11.Nc3 O-O 12.Re1 Bf7 13.Rc1 Rc8 14.Bf1 Kh8 15.cxd5 
exd5 16.Na4 Bb4 17.Bc3 Ba3 18.Bb2 Bxb2 19.Nxb2 Nf5 20.Qd2 Nd6 21.Na4 Re8 
22.Rxe8+ Qxe8 23.Nc5 b6 24.Nd3 Bh5 25.Nde1 a5 26.Qf4 Qd8 27.Bd3 g5 28.Qd2 
Nb4 29.Rxc8 Qxc8 30.Bb1 Ne4 31.Qe3 Nc3 32.Qe7 Nxb1 33.Qxf6+ Kg8 34.Qxg5+ 
Bg6 35.Ne5 Qe6 36.h4 Nc3 37.h5 Ne4 38.Qd8+ Be8 39.f3 Nf6 40.a3 Nc6 41.Qxb6
Qe7 42.N1d3 Qa7 43.Qxa7 Nxa7 44.a4 Nxh5 45.g4 Nf6 46.b4 Kf8 47.bxa5 Ke7 
48.Kf2 Bxa4 49.Ke3 Be8 50.Nb4 Kd6 51.Kf4 Nb5 52.Ke3 Nd7 53.Ned3 Bf7 54.f4 
h5 55.gxh5 Bxh5 56.a6 Na7 57.f5 Bf7 58.Kf4 Nb5 59.Ne5 Be8 60.Nf3 Nf6 61.
Kg5 Ne4+ 62.Kf4 Nec3 63.Ke3 Nd1+ 64.Kd3 Bd7 65.Nh4 Nb2+ 66.Ke3 Nc4+ 67.Kd3
Nb6 68.Ke3 Ke7 69.Ng6+ Kd6 70.Nh4 Bc8 71.f6 Ke6 72.Ng2 Kxf6 73.Nf4 Nc7 74.
Kd3 Ke7 75.a7 Kd6 76.Ke3 Bb7 77.Nh5 Nb5 78.Ng3 Nxa7 79.Nf5+ Kd7 80.Kd3 Nc6
81.Nc2 Ba6+ 82.Kc3 Ke6 83.Nfe3 Nc4 84.Nxd5 Kxd5 85.Ne1 Nxd4 86.Kb4 Ne3 87.
Kc3 Ke4 88.Kd2 Bf1 89.Kc3 Nd5+ 90.Kd2 Nb4 91.Kc3 Nbc6 92.Nc2 Nxc2 93.Kxc2 
Bd3+ 94.Kc3 Ke3 95.Kb3 Kd4 96.Kb2 Kc4 97.Ka3 Kc3 98.Ka4 Be2 99.Ka3 Nd4 
100.Ka2 Nb3 101.Kb1 Bd3+ 102.Ka2 Be4 103.Ka3 Bb1 104.Ka4 Nd4 105.Ka5 Kc4 
106.Kb6 Nb5 107.Kc6 Bf5 108.Kb6 Be4 109.Ka5 Kc5 110.Ka4 Bd5 111.Ka5 Bb3 
112.Ka6 Nd6 113.Ka7 Kc6 114.Ka6 Nb7 115.Ka7 Kc7 116.Ka8 Bc4 117.Ka7 Nd6 
118.Ka8 Bd3 119.Ka7 Nc8+ 0-1

[Event "26th EUR-ch"]
[Site "Katowice POL"]
[Date "2026.04.19"]
[Round "11.151"]
[White "Noy, Eyal"]
[Black "Gbiorczyk, Mikolaj"]
[Result "0-1"]
[WhiteElo "2300"]
[BlackElo "2116"]
[EventDate "2026.04.07"]
[PlyCount "120"]

1.e4 e5 2.Nf3 Nc6 3.Bc4 Bc5 4.d4 Bxd4 5.Nxd4 Nxd4 6.Be3 Ne6 7.Bxe6 dxe6 8.
Qh5 Qd6 9.Qg5 g6 10.Nd2 f6 11.Qh4 Bd7 12.O-O-O O-O-O 13.g3 Qf8 14.f4 Qh6 
15.Qg4 exf4 16.gxf4 Ne7 17.Qe2 Nc6 18.h4 Qh5 19.Qc4 e5 20.Rdf1 Rhe8 21.Qc3
Nd4 22.Kb1 Bb5 23.Rf2 Re6 24.Qb4 Ba6 25.Bxd4 Rxd4 26.Qb3 Rb6 27.Qh3+ Kb8 
28.Nf3 Rd8 29.fxe5 fxe5 30.Qg3 Rf6 31.Rd2 Rxd2 32.Nxd2 Rf4 33.Qa3 Qe2 34.
Qe7 b6 35.Kc1 Bc8 36.Qxh7 Rf2 37.Qh6 Rh2 38.Rd1 Bg4 39.Rf1 Rf2 40.Rg1 Rg2 
41.Rf1 Rf2 42.Rg1 Bf3 43.Qf8+ Kb7 44.Qb4 a5 45.Qc3 Bxe4 46.Nxe4 Qxe4 47.
Kb1 Qf4 48.b3 Rf1+ 49.Rxf1 Qxf1+ 50.Kb2 Qf4 51.Kb1 e4 52.Qd4 Qxh4 53.Qd5+ 
Ka7 54.Qe5 Kb8 55.Qe8+ Kb7 56.Qxg6 Qh1+ 57.Kb2 Qf3 58.Kc1 e3 59.a4 Qh1+ 
60.Kb2 e2 0-1

[Event "26th EUR-ch"]
[Site "Katowice POL"]
[Date "2026.04.19"]
[Round "11.152"]
[White "Durucay, Uygar"]
[Black "Blanquet, Camille"]
[Result "1-0"]
[WhiteElo "2286"]
[BlackElo "2107"]
[EventDate "2026.04.07"]
[PlyCount "137"]

1.d4 Nf6 2.Nf3 d5 3.Bf4 c5 4.e3 Nc6 5.Nbd2 e6 6.c3 Nh5 7.Bg5 f6 8.Bh4 g6 
9.Bd3 cxd4 10.cxd4 Bd6 11.O-O O-O 12.a3 Bd7 13.Re1 Be8 14.e4 Nf4 15.Bb1 
Qb6 16.Ba2 Qxb2 17.exd5 exd5 18.Bxd5+ Nxd5 19.Nc4 Bxh2+ 20.Kxh2 Qb5 21.Nd6
Qb6 22.Rb1 Qd8 23.Bg3 b6 24.Qb3 Bf7 25.Nxf7 Rxf7 26.Re6 Na5 27.Qd3 Ne7 28.
Rbe1 Nf5 29.Bf4 Qd7 30.d5 Nb7 31.d6 Nc5 32.Qd5 Nxe6 33.Rxe6 Raf8 34.Rxf6 
Qa4 35.Be5 Nh6 36.Rf4 Qd7 37.Bc3 Nf5 38.Be5 Nh6 39.Kg1 Rc8 40.Ng5 Rc5 41.
Qa8+ Rc8 42.Qd5 Rc5 43.Qa8+ Rc8 44.Qf3 Rxf4 45.Bxf4 Nf7 46.Ne4 Qf5 47.Qe3 
Rc4 48.f3 Rc8 49.Qd4 h6 50.d7 Ra8 51.Nf6+ Kf8 52.Bd6+ Nxd6 53.Qxd6+ Kf7 
54.Nd5 Qe6 55.d8=Q Rxd8 56.Qxd8 g5 57.Kf2 Kg6 58.Nc3 Qc4 59.Qd6+ Kg7 60.
Qe5+ Kf8 61.Qb8+ Kg7 62.Qxa7+ Kg8 63.Qb8+ Kg7 64.Qe5+ Kf8 65.Qd6+ Kg7 66.
Ne4 Qa2+ 67.Kg3 Qe2 68.Qe7+ Kh8 69.Qe5+ 1-0

[Event "26th EUR-ch"]
[Site "Katowice POL"]
[Date "2026.04.19"]
[Round "11.153"]
[White "Triger, Eitan"]
[Black "Ribeiro, Gustavo"]
[Result "1/2-1/2"]
[WhiteElo "2095"]
[BlackElo "2280"]
[EventDate "2026.04.07"]
[PlyCount "103"]

1.e4 c5 2.Nf3 Nc6 3.Bb5 e6 4.Bxc6 bxc6 5.b3 d5 6.e5 Ba6 7.d3 Ne7 8.c4 Qc7 
9.O-O Rd8 10.Nbd2 Nf5 11.Re1 Be7 12.Qe2 O-O 13.Nf1 Nd4 14.Nxd4 cxd4 15.Qg4
Kh8 16.Ng3 Rg8 17.Bd2 c5 18.h4 Bc8 19.h5 f5 20.Qh3 dxc4 21.bxc4 Bd7 22.Ne2
g5 23.hxg6 Rxg6 24.Nf4 Rg4 25.g3 Rdg8 26.Kh2 Bg5 27.f3 Bxf4 28.Bxf4 R4g6 
29.Kg2 Bc6 30.Re2 Qb7 31.Rf2 Bxf3+ 32.Kh2 Bc6 33.Rd1 Qa6 34.Rb2 Qa3 35.
Rdd2 Qc3 36.Rb1 Qa5 37.Qh4 Qc7 38.Rdb2 Ba8 39.Rf2 Qc6 40.Qe7 R6g7 41.Qh4 
Qc7 42.Kg1 Qf7 43.Qf6 Re8 44.Rfb2 Qh5 45.Rb8 Qh1+ 46.Kf2 Qg2+ 47.Ke1 Qg1+ 
48.Ke2 Qg2+ 49.Ke1 Qg1+ 50.Ke2 Qg2+ 51.Ke1 Qg1+ 52.Ke2 1/2-1/2

[Event "26th EUR-ch"]
[Site "Katowice POL"]
[Date "2026.04.19"]
[Round "11.154"]
[White "Margaritis, Ioannis M."]
[Black "Hryzlova, Sofiia"]
[Result "1-0"]
[WhiteElo "2012"]
[BlackElo "2278"]
[EventDate "2026.04.07"]
[PlyCount "37"]

1.d4 Nf6 2.c4 e6 3.Nc3 Bb4 4.Qc2 d5 5.a3 Bxc3+ 6.Qxc3 O-O 7.Nf3 dxc4 8.
Qxc4 b6 9.Bg5 Ba6 10.Bxf6 Qxf6 11.Qxc7 Rc8 12.Qe5 Qg6 13.e4 Nd7 14.Qf4 
Bxf1 15.Kxf1 Rc2 16.Ne1 Rxb2 17.Qc1 Rb3 18.Qc4 Rb2 19.Qc3 1-0

[Event "26th EUR-ch"]
[Site "Katowice POL"]
[Date "2026.04.19"]
[Round "11.155"]
[White "Szente Varga, Fruzsina"]
[Black "Bourg, Nicolas"]
[Result "0-1"]
[WhiteElo "2078"]
[BlackElo "2249"]
[EventDate "2026.04.07"]
[PlyCount "80"]

1.e4 e5 2.Nf3 Nc6 3.d4 exd4 4.Nxd4 Qh4 5.Nb5 Qxe4+ 6.Be2 Bb4+ 7.c3 Ba5 8.
O-O a6 9.N5a3 Bb6 10.Bxa6 Nge7 11.Bd3 Qh4 12.Nc4 Ba7 13.Be3 d5 14.Ncd2 
Bxe3 15.fxe3 Ne5 16.Nf3 Qh6 17.Nxe5 Qxe3+ 18.Kh1 Qxe5 19.Qc2 Qh5 20.Na3 c6
21.Rae1 Be6 22.Qb3 O-O 23.Qxb7 Qg5 24.Qc7 Rfb8 25.Re5 Qd2 26.Qxe7 Qxd3 27.
Rfe1 h6 28.R5e3 Qf5 29.R3e2 Ra4 30.Qd6 Rc8 31.Nc2 c5 32.a3 Rf4 33.Kg1 Kh7 
34.b4 cxb4 35.Nd4 Qg4 36.h3 Qg3 37.Qxb4 Bxh3 38.Qb1+ g6 39.Nb5 Re8 40.Qc2 
Bxg2 0-1

[Event "26th EUR-ch"]
[Site "Katowice POL"]
[Date "2026.04.19"]
[Round "11.156"]
[White "Zalega, Maciej"]
[Black "Bognar, Csaba"]
[Result "1-0"]
[WhiteElo "2233"]
[BlackElo "2057"]
[EventDate "2026.04.07"]
[PlyCount "61"]

1.d4 Nf6 2.c4 g6 3.Nc3 Bg7 4.e4 d6 5.Be2 O-O 6.h4 e5 7.d5 Ne8 8.g4 f5 9.g5
f4 10.Nf3 Bg4 11.Bd2 c5 12.Qb3 Na6 13.Nh2 Bxe2 14.Kxe2 Qd7 15.Rag1 Kf7 16.
Ng4 h5 17.gxh6 Bf6 18.Nb5 Nac7 19.Qh3 Ke7 20.Nc3 a6 21.h7 Bh8 22.Nh6 Qxh3 
23.Rxh3 Kf6 24.h5 gxh5 25.Rxh5 Ke7 26.Nf5+ Kd7 27.Na4 Nf6 28.Nb6+ Kd8 29.
Nxa8 Nxh5 30.Rg8 f3+ 31.Kd1 1-0

[Event "26th EUR-ch"]
[Site "Katowice POL"]
[Date "2026.04.19"]
[Round "11.157"]
[White "Pasa, Ahmet"]
[Black "Krasniewski, Maciej"]
[Result "1/2-1/2"]
[WhiteElo "2004"]
[BlackElo "2228"]
[EventDate "2026.04.07"]
[PlyCount "45"]

1.e4 c5 2.Nf3 Nc6 3.Bb5 g6 4.Bxc6 bxc6 5.d4 Bg7 6.dxc5 Qa5+ 7.Nbd2 Qxc5 8.
O-O Nf6 9.Nb3 Qd6 10.Qxd6 exd6 11.Re1 O-O 12.Bf4 Re8 13.Bxd6 Nxe4 14.Ba3 
d5 15.Nfd2 Bf5 16.Nxe4 Bxe4 17.c3 Rac8 18.f3 Bd3 19.Bc5 a6 20.Bd4 Bf8 21.
Nc5 Bxc5 22.Bxc5 f6 23.b4 1/2-1/2

[Event "26th EUR-ch"]
[Site "Katowice POL"]
[Date "2026.04.19"]
[Round "11.158"]
[White "Tymrakiewicz, Rafal"]
[Black "Zakin, Lior"]
[Result "1-0"]
[WhiteElo "2216"]
[BlackElo "1985"]
[EventDate "2026.04.07"]
[PlyCount "99"]

1.d4 Nf6 2.Nf3 g6 3.Bg5 Bg7 4.Nbd2 h6 5.Bh4 d6 6.e3 c5 7.c3 Bf5 8.h3 g5 9.
Bg3 Nbd7 10.Be2 Rc8 11.O-O O-O 12.Re1 Kh8 13.a4 a6 14.a5 Nb8 15.Bf1 Ne4 
16.Bh2 Bh7 17.Nxe4 Bxe4 18.Nd2 Bh7 19.Nc4 Nd7 20.d5 f5 21.Bd3 Ne5 22.Bxe5 
dxe5 23.e4 f4 24.f3 h5 25.Kf2 Rc7 26.Rh1 Bf6 27.Ra3 Rd7 28.Rb3 e6 29.d6 g4
30.hxg4 Bh4+ 31.Ke2 Qg5 32.Kd2 hxg4 33.Kc1 Rfd8 34.Rb6 Bf2 35.Kb1 Rg7 36.
Ka2 Bg3 37.Be2 Rdd7 38.fxg4 Qf6 39.Bf3 Kg8 40.Qg1 Rg5 41.Qxc5 Qd8 42.Rh5 
Rxh5 43.gxh5 Rg7 44.h6 Rf7 45.Nxe5 Qe8 46.d7 Rxd7 47.Nxd7 Qxd7 48.Qg5+ Kf8
49.Qf6+ Kg8 50.Qxe6+ 1-0

[Event "26th EUR-ch"]
[Site "Katowice POL"]
[Date "2026.04.19"]
[Round "11.159"]
[White "Portelli, Matthew"]
[Black "Golsta, Madara"]
[Result "1/2-1/2"]
[WhiteElo "2213"]
[BlackElo "2008"]
[EventDate "2026.04.07"]
[PlyCount "88"]

1.e4 e5 2.Nf3 Nc6 3.Nc3 Nf6 4.d4 exd4 5.Nxd4 Bb4 6.Nxc6 bxc6 7.Bd3 d5 8.
exd5 O-O 9.O-O Bg4 10.f3 Bh5 11.dxc6 Qd4+ 12.Kh1 Bxc3 13.bxc3 Qxc3 14.Bf4 
Qxc6 15.Rb1 Bg6 16.Bb5 Qxc2 17.Qxc2 Bxc2 18.Rbc1 Rab8 19.Bc6 Bf5 20.Bxc7 
Rb2 21.a4 Rc8 22.Be5 Rc2 23.Rxc2 Bxc2 24.Bb5 Rd8 25.Kg1 a6 26.Bc6 Rc8 27.
Bb7 Re8 28.Bxf6 gxf6 29.a5 Rb8 30.Bxa6 Ra8 31.Bc4 Rxa5 32.Kf2 Ra4 33.Be2 
Ra2 34.Ke3 Bb3 35.Rb1 Be6 36.Rb4 Kg7 37.h4 Ra3+ 38.Kf4 Ra2 39.Re4 f5 40.
Re3 Ra4+ 41.Ke5 Ra5+ 42.Kf4 Ra4+ 43.Ke5 Ra5+ 44.Kf4 Ra4+ 1/2-1/2

[Event "26th EUR-ch"]
[Site "Katowice POL"]
[Date "2026.04.19"]
[Round "11.160"]
[White "Kochavi, Dana"]
[Black "Pousada Garcia, Victor Daniel"]
[Result "1-0"]
[WhiteElo "2196"]
[BlackElo "1984"]
[EventDate "2026.04.07"]
[PlyCount "79"]

1.e4 e5 2.Nf3 Nf6 3.Nxe5 d6 4.Nf3 Nxe4 5.Nc3 Nf6 6.h3 d5 7.d4 Bd6 8.Bd3 
O-O 9.Be3 c6 10.Nd2 Nbd7 11.Qf3 b5 12.a4 b4 13.Ne2 a5 14.O-O Ba6 15.Bf4 
Be7 16.g4 Bxd3 17.cxd3 Rc8 18.Ng3 Ne8 19.Nb3 g6 20.Rac1 Ng7 21.Qg2 f5 22.
gxf5 Nxf5 23.Rxc6 Nb6 24.Rxc8 Qxc8 25.Rc1 Qe6 26.Nxf5 Qxf5 27.Bc7 Nxa4 28.
Be5 Nxb2 29.Rc7 Bf6 30.Qxd5+ Kh8 31.f4 Bxe5 32.Qxe5+ Qf6 33.Ra7 Kg8 34.Nc5
a4 35.Nd7 Qxe5 36.fxe5 Rf7 37.e6 Re7 38.Nf6+ Kf8 39.Nxh7+ Ke8 40.Ra8# 1-0

[Event "26th EUR-ch"]
[Site "Katowice POL"]
[Date "2026.04.19"]
[Round "11.161"]
[White "Mizzi, Jack"]
[Black "Rozhok, Oleksii"]
[Result "1-0"]
[WhiteElo "2192"]
[BlackElo "1979"]
[EventDate "2026.04.07"]
[PlyCount "77"]

1.d4 Nf6 2.Nd2 d5 3.c4 e6 4.Ngf3 Be7 5.g3 O-O 6.Bg2 c6 7.O-O Nbd7 8.Qc2 
Re8 9.e4 dxe4 10.Nxe4 Nxe4 11.Qxe4 c5 12.Rd1 cxd4 13.Nxd4 Qb6 14.Qe2 a6 
15.Be3 Qc7 16.Rac1 e5 17.Nf5 Bf8 18.c5 Qa5 19.c6 bxc6 20.Bxc6 Nf6 21.Nh6+ 
gxh6 22.Bxa8 e4 23.f3 Qh5 24.Bd4 exf3 25.Bxf3 Qg6 26.Qg2 Be6 27.a3 Bb3 28.
Rf1 Rd8 29.Bb6 Rd3 30.Rc8 Kg7 31.Bc5 Bxc5+ 32.Rxc5 Be6 33.Re5 Rb3 34.Bd1 
Rb8 35.Qf2 Ne4 36.Qf4 Nd6 37.Bh5 Qc2 38.Rxe6 fxe6 39.Qxd6 1-0

[Event "26th EUR-ch"]
[Site "Katowice POL"]
[Date "2026.04.19"]
[Round "11.162"]
[White "Udelnov, Valentin"]
[Black "Spyra, Piotr"]
[Result "1-0"]
[WhiteElo "2186"]
[BlackElo "1974"]
[EventDate "2026.04.07"]
[PlyCount "57"]

1.e4 e6 2.d4 d5 3.Nd2 Be7 4.e5 c5 5.c3 Nc6 6.Bd3 Qb6 7.Ndf3 cxd4 8.cxd4 
Bb4+ 9.Kf1 Bd7 10.Ne2 Bf8 11.g3 Nge7 12.Kg2 Rc8 13.Bd2 Na5 14.Rc1 Nc4 15.
b3 Nb2 16.Rxc8+ Nxc8 17.Qb1 Nxd3 18.Qxd3 Bb4 19.Bxb4 Qxb4 20.Rc1 Ne7 21.
Rc5 Bc6 22.Qc2 f6 23.Nf4 Kd7 24.exf6 gxf6 25.Qe2 e5 26.Nd3 Qb6 27.dxe5 Nf5
28.exf6 Re8 29.Nfe5+ 1-0

[Event "26th EUR-ch"]
[Site "Katowice POL"]
[Date "2026.04.19"]
[Round "11.163"]
[White "Ugorek, Kacper"]
[Black "Adamczyk, Zuzanna"]
[Result "1/2-1/2"]
[WhiteElo "2181"]
[BlackElo "1950"]
[EventDate "2026.04.07"]
[PlyCount "100"]

1.d4 d5 2.c4 e6 3.Nf3 Nf6 4.Nc3 h6 5.cxd5 exd5 6.Bf4 c6 7.Qc2 Bd6 8.Bxd6 
Qxd6 9.e3 O-O 10.Bd3 b6 11.O-O-O Ba6 12.Ne5 Bxd3 13.Qxd3 c5 14.Kb1 c4 15.
Qf5 Qe6 16.g4 Na6 17.Rhg1 Nc7 18.f4 Qxf5+ 19.gxf5 Nce8 20.Nc6 Kh7 21.Rge1 
Nd6 22.Ne7 Rad8 23.Nexd5 Nxd5 24.Nxd5 Nxf5 25.e4 Rfe8 26.Kc2 Nh4 27.Kc3 f5
28.Kxc4 fxe4 29.Ne3 Nf3 30.Re2 Rd7 31.d5 Rc8+ 32.Kb4 Kg6 33.a4 Kf6 34.b3 
Rc5 35.d6 Ke6 36.Nc4 Kf5 37.a5 Rc6 38.axb6 axb6 39.Kb5 Rc5+ 40.Kxb6 Rc8 
41.Ka5 Rb8 42.Ka4 Kxf4 43.Rd5 Rdb7 44.Na5 Rb4+ 45.Ka3 Rd4 46.Rxd4 Nxd4 47.
Rd2 Nb5+ 48.Kb2 Nd4 49.Ka3 Ke3 50.Rf2 Nb5+ 1/2-1/2